00370nam a2200157Ia 45000010006000000050017000060080041000230410008000640820015000721000046000872450026001332600009001593000028001686500008001966540008002041804920260306171602.0260306s9999||||xx |||||||||||||| ||und|| aESP a658.4bD88 aDomínguez Granda, Julio BenjamíneAUT 0aPastillas gerenciales c2018 a295 páginas :c24 cm. aGEN aCAN